Półwyspy w Europie - Statystyki

Ogólne statystyki
  • Ten quiz został rozwiązany 2 318 razy
  • Średni wynik to 6 z 9
Statystyki odpowiedzi
Półwysep: % Poprawnych
Skandynawski
89%
Iberyjski (Pirenejski)
88%
Bałkański
80%
Apeniński
79%
Kolski
57%
Jutlandzki
56%
Bretoński
49%
Krymski
42%
Kanin
13%
Nie znaleziono quizów pasujących do podanych kryteriów
Rozkład punktacji
Procent ludzi z każdym wynikiem
Percentyl według liczby udzielonych odpowiedzi
Twoja historia wyników
Nie rozwiązałeś tego quizu